000 00665nam a2200193 a 4500
001 000040848
005 20201002034426.0
008 130909p2005 pr 000 0 spa d
020 _a0865816069
040 _aDO-SdBNP
_bspa
_cBNPHU
082 _axxxx
_bxxxx
100 1 _aCorretjer, Juan Antonio
_911318
245 1 0 _aObra Poética /
_cJuan Antonio Corretjer ; prólogo.
250 _a2a ed. revisada y ampliada
260 _aSan Juan, Puerto Rico, :
_bInstituto de cultura puertorriqueña,
_c2005.
300 _alii, 543 p. ;
_c23 cm.
504 _aIncluye referencias bibliográficas y notas al pie de las páginas
700 1 _aVega, José Luis,
_epról.
_914961
999 _c40338
_d40338